| 000 | 00783nam a2200241 a 4500 | ||
|---|---|---|---|
| 005 | 20240228064135.0 | ||
| 008 | 140522s2006 cl r 000 0 spa d | ||
| 020 | _a9583019518 | ||
| 035 | _aUPN01000197491 | ||
| 049 | _aI | ||
| 050 | 4 |
_aPZ28 _bS2.4 |
|
| 100 | 1 |
_aSalembier, Catherine _942979 |
|
| 245 | 1 | 0 |
_aLobo-gris le teme a todo / _cCatherine Salembier ; il. de Philippe Salembier ; tr. Sandra Olivera. |
| 260 |
_aBogotá : _bPanamericana, _c2006. |
||
| 300 |
_a28 p. : _bil. col. |
||
| 440 | 0 | _aGolpe de corazón | |
| 534 |
_pTítulo original: _tLoup - Grís a peur de tout |
||
| 650 | 0 |
_aCuentos infantiles franceses _98588 |
|
| 650 | 4 |
_aLOBOS - _vCUENTOS Y LEYENDAS _912307 |
|
| 650 | 4 |
_aLibros y lectura para niños _92290 |
|
| 905 | _aInfantil | ||
| 999 |
_c169592 _d169592 |
||